000 00330 a2200157 4500
001 62610
020 _a9788579800948
040 _cAnchieta - Pituba
100 _aShepard, Saraggggg
240 1 0 _aDestruidoras
_lpor
245 1 0 _aDestruidoras
300 _a342
362 0 _a2011
650 4 _aLiteratura juvenil
942 _cBK
999 _c62610
_d62610